000 00311nam a2200109Ia 4500
008 171211s9999 xx 000 0 und d
245 _aBayesian Analysis in Natural Language Processing
245 _cShay Cohen
260 _c2016
650 _xSOFTWARE
856 _uhttp://down.ebook777.com/064/9781627058735.pdf
999 _c349288
_d349288